| 000 | 00919pam a2200253 a 4500 | ||
|---|---|---|---|
| 001 | 4905736 | ||
| 005 | 20180127051324.0 | ||
| 008 | 940330s1994 nyua b 101 0 eng c | ||
| 010 | _a 94015312 | ||
| 020 | _a0897668804 (cloth : alk. paper) | ||
| 020 | _a0897668812 (paper : alk. paper) | ||
| 040 |
_aDNLM/DLC _cDLC _dDLC |
||
| 041 | _aeng | ||
| 060 | 1 | 0 |
_a615.708460 _aWT 104 P536 1994 |
| 080 | _a615.708460 | ||
| 082 | 0 | 0 |
_a615.708460 NAG _a615.708460 _220 |
| 100 | _a5 | ||
| 101 | _aSHF | ||
| 245 | 0 | 0 |
_aPharmacology of aging processes : _cedited by Imre Zs.-Nagy, Denham Harman, and Kenichi Kitani. |
| 504 | _aIncludes bibliographical references and indexes. | ||
| 906 |
_a7 _bcbc _corignew _d1 _eocip _f19 _gy-gencatlg |
||
| 942 |
_2ddc _cBK |
||
| 999 |
_c41079 _d41079 |
||